| 000 | 00666nam a22001817a 4500 | ||
|---|---|---|---|
| 003 | AM-YeHGA | ||
| 040 | _aAM-YeHGA | ||
| 090 | _c438810 | ||
| 005 | 20250617155629.0 | ||
| 008 | 190903s1959 ru ||||| |||| 00| 0 rus d | ||
| 041 | 0 | _arus | |
| 245 | 0 | 0 |
_aКаждый день рождается вновь : _bОчерки / _cОбл. отд-ние Союза писателей |
| 260 |
_aИваново : _bКн. изд-во, _c1959. |
||
| 300 |
_a127 с. : _bил.; _c21 см |
||
| 650 | 1 | 4 | _aКолхозы и колхозники (х. л.) |
| 710 | 2 |
_aСоюз писателей РСФСР. _bИвановское обл. отд-ние |
|
| 942 |
_2udc _cBK |
||
| 999 |
_c436149 _d436149 |
||